Cteným voličom volebného okresu Petroveckého Srdečné pozdravenie! Pán Bôh s nami a zlé preč!

Predvolebný prejav V. Paulinyho-Tótha ako kandidáta za poslanca uhorského snemu v roku 1869 za volebný okres Petrovec s volebným programom

Bibliographic Details
Main Author: Pauliny-Tóth, Viliam, 1826-1877 (Author)
Format: Manuscript Book
Language:Slovak
PhysicalDescription:3 nečíslované strany rukopis, voľný list 34 cm
Published: V T.S.Martine 27.1.1869
Subjects:

MARC

LEADER 00000ntmaa2200000 a 4500
001 vtls012071649
003 SK-MaSNL
005 20260301191123.0
008 251021e1869 xo || 000 sdslo
035 |a urn:nbn:sk:snk-tm00gguv 
035 |a urn:nbn:sk:snk-tm3n4q7 
035 |a AD3D3699-B88F-4911-B8F8-2280BDF5EF71 
040 |a SNKLA  |b slo  |c SNKLA  |e AACR2 
041 0 |a slo 
044 |a xo  |c SK 
072 7 |a 324  |x Voľby, volebné kampane, referendá  |2 konspekt 
080 |a 025.171  |2 2011 
080 |a 324:329.8  |2 2001 
080 |a (042.5)  |2 2011 
100 1 |a Pauliny-Tóth, Viliam,  |d 1826-1877  |4 aut  |9 37125 
245 1 0 |a Cteným voličom volebného okresu Petroveckého Srdečné pozdravenie!  |b Pán Bôh s nami a zlé preč!  |c Viliam PaulinyTóth 
260 |a V T.S.Martine  |c 27.1.1869 
300 |a 3 nečíslované strany  |b rukopis, voľný list  |c 34 cm 
520 2 |a Predvolebný prejav V. Paulinyho-Tótha ako kandidáta za poslanca uhorského snemu v roku 1869 za volebný okres Petrovec s volebným programom 
555 0 |a Inventár rukopisov Literárneho archívu Matice slovenskej VI. Archív Slovenského národného múzea. Fondy M 51 - 120. Martin : Matica slovenská 1977 
561 |a Okrúhla pečiatka: Museálna slovenská spoločnosť 
561 |a Okrúhla pečiatka: Matica slovenská Martin Archív literatúry a umenia 
648 7 |a 1869  |2 SNKPH  |9 567301 
650 0 7 |a voľby  |2 SNKPH  |9 1580 
650 0 7 |a Uhorský snem  |2 SNKPH  |9 291775 
650 0 7 |a volebné programy  |2 SNKPH  |9 4514 
651 7 |a Petrovec (Srbsko)  |2 SNKPHgeo  |9 175238 
655 7 |a rukopisy  |2 SNKPH  |9 70548 
655 7 |a prejavy  |2 SNKPH  |9 70401 
752 |a Slovensko  |d Martin 
852 |a Slovenská národná knižnica  |b Literárny archív 
958 |a MOF 
958 |a LAVD 
999 |c 869999  |d 871929 
952 |a SNKLA  |b SNKLA  |c SNKLA_DEP  |y NEVYP  |7 0  |p 17A1229848  |o snkM 120 E 27  |0 0  |1 0  |4 0  |d 2021-10-04  |f 1  |l 0  |r 2026-02-24 05:39:27  |w 2026-02-24